Cocaina 1980 (Record no. 143160)

MARC details
000 -LEADER
campo de control de longitud fija 00605nam a2200157 4500
001 - NÚMERO DE CONTROL
campo de control 143160
003 - IDENTIFICADOR DE NÚMERO DE CONTROL
campo de control ES-MaACL
007 - CAMPO FIJO DE DESCRIPCIÓN FÍSICA--INFORMACIÓN GENERAL
campo de control de longitud fija t|
008 - DATOS DE LONGITUD FIJA--INFORMACIÓN GENERAL
campo de control de longitud fija 070214s1980 pe r ||||1| spa d
111 ## - ENTRADA PRINCIPAL--NOMBRE DE CONGRESO/REUNIÓN
Nombre de congreso/reunión o jurisdicción como elemento de entrada Seminario Interamericano sobre Aspectos Médicos y Sociologicos de la Coca y de la Cocacina
Sede del congreso/Lugar de la reunión (Lima, Perú
Fecha del congreso o de la firma del tratado (1979)
9 (RLIN) 220868
245 10 - MENCIÓN DEL TÍTULO
Título Cocaina 1980
Resto del título : Seminario Interamericano sobre Aspectos Médicos y Sociologicos de la Coca y de la Cocacina.
260 ## - PUBLICACIÓN, DISTRIBUCIÓN, ETC.
Lugar de publicación, distribución, etc. Lima :
Nombre del editor, distribuidor, etc. F. R. Jeri,
Fecha de publicación, distribución, etc. 1980.
300 ## - DESCRIPCIÓN FÍSICA
Extensión XIV, 307 p., 5 lám. ;
Dimensiones 24 cm.
852 ## - LOCALIZACIÓN
Ubicación ES-MaACL
Número de control de estantería L-64
Sublocalización o colección R.100658
Holdings
Estatus retirado Estado de pérdida Estado de daño No para préstamo Biblioteca de origen Biblioteca actual Ubicación en estantería Fecha de adquisición Fuente de adquisición Total de préstamos Signatura topográfica completa Código de barras Visto por última vez Precio de reemplazo Tipo de ítem Koha
        Biblioteca del Ateneo de Madrid Biblioteca del Ateneo de Madrid Depósito 2 17/01/2008     L-64 1148948 23/02/2023 23/02/2023 Libro impreso